Principles of Electrical Machine Design (Record no. 1908)

MARC details
000 -LEADER
fixed length control field 00394nam a2200157Ia 4500
008 - FIXED-LENGTH DATA ELEMENTS--GENERAL INFORMATION
fixed length control field 221030s9999 xx 000 0 und d
041 ## - LANGUAGE CODE
Language code of text/sound track or separate title
082 ## - DEWEY DECIMAL CLASSIFICATION NUMBER
Classification number 105.23
Item number Aga
100 ## - MAIN ENTRY--AUTHOR NAME
Personal name R. K. Agarwal
245 #0 - TITLE STATEMENT
Title Principles of Electrical Machine Design
Statement of responsibility, etc by R. K. Agarwal
250 ## - EDITION STATEMENT
Edition statement 4th
260 ## - PUBLICATION, DISTRIBUTION, ETC. (IMPRINT)
Name of publisher S. K. Kataria & Sons
Place of publication New Delhi
Year of publication 2002
300 ## - PHYSICAL DESCRIPTION
Number of Pages 589
650 ## - SUBJECT ADDED ENTRY--TOPICAL TERM
Topical Term EE
942 ## - ADDED ENTRY ELEMENTS (KOHA)
Koha item type Books
Holdings
Accession Number Cost, normal purchase price Full call number Price effective from Koha item type Withdrawn / writtenoff status Materials specified (bound volume or other part) Damaged status Not for loan Permanent Location Current Location Shelving location Date acquired Lost/ Missing status department
BE 5273 135.00 105.23 Aga 10/30/2022 Books   Print     MIET Library, Jammu MIET Library, Jammu BL-C, FL2-, CUP-35, SH-2, R-2 06/01/2002   BE
BE 5274 135.00 105.23 Aga 10/30/2022 Books   Print     MIET Library, Jammu MIET Library, Jammu BL-First, FL-1, CUP-35, SH-2, R-2 06/01/2002   BE
BE 5275 135.00 105.23 Agg 10/30/2022 Books   Print     MIET Library, Jammu MIET Library, Jammu BL-, FL-, CUP-0, SH-0, R-0 06/01/2002   BE